000 00686nam a2200253Ia 4500
001 51925
005 20240114005244.0
007 ta
008 100219s1974 g b000 u 903 u
040 _aCotton College assam
041 _a903
082 _a822.3309
_bL 524 Sh
100 _aLeggatt, Alexander .
245 0 _aShakespeare`s Comedy of Love /
_cAlexander Leggatt.
_hTextual Documents
250 _aIst ed /
260 _aLondon :
_bMethuen and Co. Ltd. ,
_c1974.
300 _a255pg ;
_c23cm.
653 _aEnglish Literature
653 _aShakespeare`s Comedy of Love
653 _aG-English
942 _2ddc
_cBK
999 _c51889
_d51889